000 00324nam a22001337a 4500
008 181023b xxu||||| |||| 00| 0 eng d
020 _a9780133923780
041 _aeng
080 _a610
100 _a4
101 _aSHM
245 _aLaboratory Accompany Indroctory Circuit Analysis
_cBOhlestad.k
942 _2udc
_cBK
999 _c50598
_d50598